El enbaxador / (Record no. 194890)

MARC details
000 -LEADER
campo de control de longitud fija 02316nam a2200457 i 4500
001 - NÚMERO DE CONTROL
campo de control 194890
003 - IDENTIFICADOR DE NÚMERO DE CONTROL
campo de control SpMaBN
005 - FECHA Y HORA DE LA ÚLTIMA TRANSACCIÓN
campo de control 20240523063105.0
007 - CAMPO FIJO DE DESCRIPCIÓN FÍSICA--INFORMACIÓN GENERAL
campo de control de longitud fija ta
008 - DATOS DE LONGITUD FIJA--INFORMACIÓN GENERAL
campo de control de longitud fija 240521s1620 sp a spa
016 7# - NÚMERO DE CONTROL DE UNA AGENCIA BIBLIOGRÁFICA NACIONAL
Número de control del registro bimaBNE19949182000
Número de control cancelado/no válido PAB1700095224
-- BNE19940182001
-- IND2000919295
-- BNE20060754141
-- IND2000919296
-- BNE20060754152
Fuente SpMaBN
035 ## - NÚMERO DE CONTROL DEL SISTEMA
Número de control de sistema (OCoLC)434013110
035 ## - NÚMERO DE CONTROL DEL SISTEMA
Número de control de sistema Mima0000007403
040 ## - FUENTE DE CATALOGACIÓN
Centro catalogador/agencia de origen Palacio Real. Catálogo de impresos españoles del S. XVII
Lengua de catalogación spa
Centro/agencia transcriptor SpMaBN
Normas de descripción rdc
Centro/agencia modificador M_BN
-- ES-MaACL
100 1# - ENTRADA PRINCIPAL--NOMBRE DE PERSONA
Nombre de persona Vera y Figueroa, Juan Antonio de,
Títulos y otros términos asociados al nombre Conde de la Roca.
Número de control del registro de autoridad o número normalizado XX824862
9 (RLIN) 236514
245 13 - MENCIÓN DEL TÍTULO
Título El enbaxador /
Mención de responsabilidad, etc. por don Iuan Antonio de Vera i Çuniga ...
260 ## - PUBLICACIÓN, DISTRIBUCIÓN, ETC.
Lugar de publicación, distribución, etc. En Seuilla :
Nombre del editor, distribuidor, etc. por Francisco de Lyra,
Fecha de publicación, distribución, etc. 1620.
300 ## - DESCRIPCIÓN FÍSICA
Extensión [3], 151, [1] en bl., 131, [24] h., [1] en bl., [1] h. de grab. ;
Dimensiones
336 ## - TIPO DE CONTENIDO
Fuente rdacontent
Término de tipo de contenido texto
337 ## - TIPO DE MEDIO
Fuente rdamedia
Nombre/término del tipo de medio sin mediación
338 ## - TIPO DE SOPORTE
Fuente rdacarrier
Nombre/término del tipo de soporte volumen
510 ## - NOTA DE CITAS O REFERENCIAS BIBLIOGRÁFICAS
Nombre de la fuente Palau, XXVI,
Localización dentro de la fuente 358982
510 ## - NOTA DE CITAS O REFERENCIAS BIBLIOGRÁFICAS
Nombre de la fuente CCPB,
Localización dentro de la fuente 000271996-7
510 ## - NOTA DE CITAS O REFERENCIAS BIBLIOGRÁFICAS
Nombre de la fuente CCPB,
Localización dentro de la fuente 000042768-3
510 ## - NOTA DE CITAS O REFERENCIAS BIBLIOGRÁFICAS
Nombre de la fuente Madrid. Ateneo,
Localización dentro de la fuente R-876
597 ## - NOTA A LA DESCRIPCION FISICA
Nota Sign.: [ ]³, A-T⁸, 2A-2Q⁸, 2R-2Z⁴
597 ## - NOTA A LA DESCRIPCION FISICA
Nota Erratas en signaturas: Ii1 (en lugar de Yi1)
597 ## - NOTA A LA DESCRIPCION FISICA
Nota Letra redonda y cursiva. Apostillas marginales. Reclamos
599 ## - NOTA A LAS ILUSTRACIONES
Nota Portada grabada calcográfica arquitectónica
599 ## - NOTA A LAS ILUSTRACIONES
Nota La h. de grabado calcográfico con emblemas: "Alardo de Popma Sculpsit Hispali"
650 #7 - PUNTO DE ACCESO ADICIONAL DE MATERIA--TÉRMINO DE MATERIA
Término de materia o nombre geográfico como elemento de entrada Ética política-
9 (RLIN) 138374
Subdivisión de forma Obras anteriores a 1800
700 ## - ENTRADA AGREGADA--NOMBRE PERSONAL
Nombre de persona Lyra, Francisco de,
Fechas asociadas al nombre activo 1611-1650
Número de control del registro de autoridad o número normalizado http://datos.bne.es/resource/XX5085063
9 (RLIN) 236515
700 ## - ENTRADA AGREGADA--NOMBRE PERSONAL
Nombre de persona Popma, Alardo de,
Fechas asociadas al nombre activo 1617-1641
Número de control del registro de autoridad o número normalizado http://datos.bne.es/resource/XX1174833
9 (RLIN) 236516
752 ## - ENTRADA AGREGADA--NOMBRE JERÁRQUICO DEL LUGAR
País o entidad superior España
Ciudad Sevilla
852 ## - LOCALIZACIÓN
Ubicación ES-MaACL
Número de control de estantería R-876
Signatura antigua Olim: G- 1583
Encuadernación Encuadernación pergamino
Partes que faltan Ejemplar mútilo: falto de las últimas 3 hojas de la Tabla, sustituidas por otras manuscritas
Ubicación en estantería Depósito
itemnumber 173655
856 41 - LOCALIZACIÓN Y ACCESO ELECTRÓNICOS
Identificador Uniforme de Recursos <a href="http://bdh-rd.bne.es/viewer.vm?id=0000050673&page=1">http://bdh-rd.bne.es/viewer.vm?id=0000050673&page=1</a>
Nota pública Versión en línea
Texto de enlace Biblioteca Digital Hispánica
856 41 - LOCALIZACIÓN Y ACCESO ELECTRÓNICOS
Identificador Uniforme de Recursos <a href="https://iump.ucm.es/DialogycaBDDH/BDDH325/">https://iump.ucm.es/DialogycaBDDH/BDDH325/</a>
Nota pública Versión en línea
Texto de enlace Dialogyca: Biblioteca Digital de Diálogo Hispánico
942 ## - ELEMENTOS DE ENTRADA SECUNDARIOS (KOHA)
Suprimir en OPAC No
Tipo de ítem Koha Libro impreso antiguo
Holdings
Estatus retirado Estado de pérdida Estado de daño No para préstamo Colección Biblioteca de origen Biblioteca actual Ubicación en estantería Fecha de adquisición Fuente de adquisición Total de préstamos Signatura topográfica completa Código de barras Visto por última vez Precio de reemplazo Tipo de ítem Koha
        Libros del s. XVII Biblioteca del Ateneo de Madrid Biblioteca del Ateneo de Madrid Depósito 17/01/2008     R-876 1175405 23/02/2023 23/02/2023 Libro impreso antiguo